Principios racionales del dibujo geométrico aplicado a la representación de los cuerpos / por Félix Cardellach
Descripción Física:
2 v. : il. ; 23 cm
MARC
| LEADER | 00000nam a2200000Ia 4500 | ||
|---|---|---|---|
| 001 | 18718, 18719 | ||
| 008 | 160829s1902 - 1905 xx 000 0 cat d | ||
| 080 | |a B-2-123, B-2-124 | ||
| 100 | |a Cardellach, Félix |9 38382 | ||
| 245 | |a Principios racionales del dibujo geométrico aplicado a la representación de los cuerpos / por Félix Cardellach | ||
| 260 | |a Barcelona : |b Librería de Penella y Bosch, |c 1902 - 1905 | ||
| 300 | |a 2 v. : |b il. ; |c 23 cm | ||
| 590 | |a Conté: v. 1: Primera parte: forma geométrica; v. 2: Segunda parte. | ||
| 590 | |a El v. 1 inclou 6 làmines. | ||
| 590 | |a Prové de 3268 | ||
| 650 | 0 | |a Dibuix lineal |9 20008 | |
| 650 | |a Figura humana en l'art |9 47438 | ||
| 901 | |a Arxiu | ||
| 942 | |n 1 | ||
| 952 | |0 0 |1 0 |4 0 |6 B2123_B2124 |7 1 |9 53880 |a Arxiu |b Arxiu |d 2016-12-01 |l 0 |o B-2-123, B-2-124 |p 18718, 18719 |r 2016-12-01 00:00:00 |w 2016-12-01 |y ARXIU | ||
| 999 | |c 57747 |d 57747 | ||